Normal view
MARC view
Entry Personal Name
001 - CONTROL NUMBER
- control field: 17417
003 - CONTROL NUMBER IDENTIFIER
- control field: OSt
005 - DATE AND TIME OF LATEST TRANSACTION
- control field: 20230215094708.0
008 - FIXED-LENGTH DATA ELEMENTS
- fixed length control field: 230215|| aca||aabn | a|a d
040 ## - CATALOGING SOURCE
- Original cataloging agency: OSt
- Transcribing agency: OSt
100 ## - HEADING--PERSONAL NAME
- Personal name: ပန်းတစ်ပွင့်တောင်သာသနာပြုတောရရိပ်သာကျောင်း
670 ## - SOURCE DATA FOUND
- Source citation: Work cat.: (OSt): ပန်းတစ်ပွင့်တောင်သာသနာပြုတောရရိပ်သာကျောင်း, ပန်းတစ်ပွင့်တောင်ဆရာတော်သဒ္ဓမ္မဇောတိကဓဇ၊ ဓမ္မကထိကဗဟုဇနဟိတဓရဘဒ္ဒန္တပညာသာရ\, ၂၀၀၈